| Record ID | ia:rudyardkiplingin00murr_0 |
| Source | Internet Archive |
| Download MARC XML | https://archive.org/download/rudyardkiplingin00murr_0/rudyardkiplingin00murr_0_marc.xml |
| Download MARC binary | https://www.archive.org/download/rudyardkiplingin00murr_0/rudyardkiplingin00murr_0_meta.mrc |
LEADER: 01020cam 2200277 a 4500
001 97018692
003 DLC
005 20040517122732.0
008 970415s1997 vtuab b 001 0beng
010 $a 97018692
020 $a1884592058 (pbk.)
020 $a188459204X (hardcover)
040 $aDLC$cDLC$dDLC
043 $an-us-vt$ae-uk---
050 00 $aPR4856$b.M85 1997
082 00 $a828/.803$aB$221
100 1 $aMurray, Stuart,$d1948-
245 10 $aRudyard Kipling in Vermont :$bbirthplace of The jungle books /$cStuart Murray.
260 $aBennington, Vt. :$bImages from the Past ;$aHanover, N.H. :$bCentinel Co.,$cc1997.
300 $aix, 198 p. :$bill., map ;$c23 cm.
504 $aIncludes bibliographical references (p. 181-184) and index.
600 10 $aKipling, Rudyard,$d1865-1936$xHomes and haunts$zVermont.
600 10 $aKipling, Rudyard,$d1865-1936.$tJungle books.
650 0 $aAuthors, English$y19th century$xBiography.
650 0 $aBritish$zVermont$xBiography.
651 0 $aVermont$xIntellectual life.